[Event "Northumbria Masters 2018"]
[Site "Newcastle ENG"]
[Date "2018.02.15"]
[Round "2.15"]
[White "White, Stuart A"]
[Black "Berry, Neil"]
[Result "1-0"]
[BlackTitle "FM"]
[WhiteElo "2107"]
[BlackElo "2267"]
[WhiteFideId "407747"]
[BlackFideId "2400650"]
[EventDate "2018.02.14"]

1. d4 Nf6 2. c4 e6 3. Nf3 d5 4. Nc3 Bb4 5. e3 O-O 6. Bd3 c5 7. O-O cxd4 8. exd4
dxc4 9. Bxc4 b6 10. Bg5 Bb7 11. Ne5 Nc6 12. Bxf6 Qxf6 13. Nd7 Qh4 14. Nxf8 Rxf8
15. a3 Bd6 16. g3 Qh3 17. Re1 Rd8 18. Bf1 Qf5 19. Bg2 Be7 20. Be4 Qh3 21. Bg2
Qf5 22. Qf3 Qc2 23. Qe2 Qb3 24. Qb5 Qxb5 25. Nxb5 a6 26. Rac1 Nxd4 27. Nxd4 Bxg2
28. Nxe6 fxe6 29. Kxg2 Rd2 30. Red1 Rxb2 31. Rc7 Bf6 32. Rdd7 h6 33. Rc8+ Kh7
34. Rc6 a5 35. Rxe6 Kg6 36. Rb7 Ra2 37. Rexb6 Rxa3 38. Ra6 Ra2 39. Rb5 a4 40.
Rba5 Rc2 41. Rxa4 Kf5 42. Ra2 Rc3 43. R6a3 Rc4 44. f4 h5 45. Kf3 Rc1 46. Ra5+
Kg6 47. Re2 Rc3+ 48. Ke4 Rc4+ 49. Kf3 Rc3+ 50. Re3 Rc2 51. h3 Bd4 52. Re2 Rc3+
53. Kg2 h4 54. gxh4 Bf6 55. h5+ Kh6 56. Re6 Rb3 57. Re8 Kh7 58. Re2 Bh4 59. Rea2
Rg3+ 60. Kh2 Rf3 61. R5a3 Rxf4 62. Ra4 Bg5 63. Rxf4 Bxf4+ 64. Kg2 Be5 65. Kf3
Bf6 66. Kg4 Bd4 67. Ra6 Be3 68. Kf5 Bd2 69. Rg6 Bc1 70. Ke6 Bd2 71. Kf7 Bh6 72.
Rg2 Bf4 73. Rxg7+ Kh6 74. Rg4 Be3 75. h4 Bf2 76. Ke6 Kxh5 77. Kf5 Bc5 78. Rc4
Bb6 79. Rc6 Be3 80. Rc3 Bf2 81. Rc2 Be1 82. Rh2 Bg3 83. Rh3 Bf2 84. Kf4 Be1 85.
Rh1 Bb4 86. Rd1 Be7 87. Rd7 Bb4 88. Kg3 Be1+ 89. Kh3 Bc3 90. Rd5+ Kg6 91. Kg4
Bb2 92. Rd6+ Kg7 93. Kh5 Bf6 94. Rd7+ Kf8 95. Kg4 Kg8 96. h5 Bb2 97. Kf5 1-0

[Event "Northumbria Masters 2018"]
[Site "Newcastle ENG"]
[Date "2018.02.15"]
[Round "2.16"]
[White "Storey, Charles H"]
[Black "Dalton, Joseph"]
[Result "1-0"]
[WhiteTitle "FM"]
[WhiteElo "2262"]
[BlackElo "2045"]
[WhiteFideId "406686"]
[BlackFideId "427713"]
[EventDate "2018.02.14"]

1. e4 c5 2. Nf3 Nc6 3. Bb5 g6 4. O-O Nd4 5. Bc4 Bg7 6. c3 Nxf3+ 7. Qxf3 e6 8. d4
cxd4 9. Rd1 dxc3 10. Nxc3 a6 11. Bf4 b5 12. e5 Rb8 13. Ne4 f5 14. exf6 Nxf6 15.
Bxe6 Nxe4 16. Qxe4 Qe7 17. Bxb8 Qxe6 18. Qb4 Kf7 19. Re1 Qf6 20. Be5 Qd8 21.
Bxg7 Kxg7 22. Re7+ Kf6 23. Qd6+ 1-0

[Event "Northumbria Masters 2018"]
[Site "Newcastle ENG"]
[Date "2018.02.15"]
[Round "2.17"]
[White "Britton, Richard L"]
[Black "Izod, Chris"]
[Result "1/2-1/2"]
[WhiteTitle "FM"]
[WhiteElo "2255"]
[BlackElo "1882"]
[WhiteFideId "401692"]
[BlackFideId "429716"]
[EventDate "2018.02.14"]

1. e4 e6 2. d3 c5 3. Nf3 Nc6 4. g3 Nf6 5. Bg2 Be7 6. O-O O-O 7. Re1 d5 8. e5 Nd7
9. Nbd2 Qc7 10. Qe2 b5 11. Nf1 a5 12. Bf4 Bb7 13. h4 Rfc8 14. N1h2 a4 15. a3 b4
16. c3 Na5 17. Bh3 Nb3 18. Rad1 bxc3 19. bxc3 Qc6 20. h5 h6 21. Bg2 c4 22. d4
Bxa3 23. g4 Kf8 24. g5 hxg5 25. Nxg5 Be7 26. Qg4 Bxg5 27. Bxg5 Nb6 28. h6 gxh6
29. Bf6 Nd7 30. Qg7+ Ke8 31. Qg8+ Nf8 32. Ng4 Qc7 33. Nxh6 Kd7 34. Nxf7 Kc6 35.
Nd6 a3 36. Nxc8 Qxc8 37. Qg4 a2 38. Ra1 Nxa1 39. Rxa1 Ra6 40. Qe2 Ra4 41. Rxa2
Qa8 42. Rxa4 Qxa4 43. Bg7 Qa3 44. Qf3 Qc1+ 45. Kh2 Ng6 46. Bh3 Qf4+ 47. Qxf4
Nxf4 48. Bf1 Kb5 49. Bh6 Nd3 50. f4 Bc8 51. Bg2 Kc6 52. Kg3 Nb2 53. Bf8 Nd1 54.
Bb4 Ne3 55. Bh3 Kd7 56. Kh4 Ke8 57. Kg5 Kf7 58. Ba3 Bd7 59. Bc1 Nf5 60. Bg4 Kg7
61. Ba3 Kf7 62. Bb4 Ng7 63. Kh6 Nf5+ 64. Kh7 Ng7 65. Be7 Ba4 66. Bf6 Bc2+ 67.
Kh6 Nf5+ 68. Kg5 Ng3 1/2-1/2

[Event "Northumbria Masters 2018"]
[Site "Newcastle ENG"]
[Date "2018.02.15"]
[Round "2.18"]
[White "Zhang, Zheming"]
[Black "Kanakova, Natalie"]
[Result "1/2-1/2"]
[BlackTitle "WFM"]
[WhiteElo "1900"]
[BlackElo "2245"]
[WhiteFideId "430757"]
[BlackFideId "350486"]
[EventDate "2018.02.14"]

1. e4 c5 2. Nc3 Nc6 3. Bb5 Nd4 4. Bc4 e6 5. Nge2 Ne7 6. Nxd4 cxd4 7. Ne2 Nc6 8.
O-O Bc5 9. d3 O-O 10. a3 a6 11. f4 f5 12. Kh1 Kh8 13. b4 Ba7 14. Qe1 b5 15. Bb3
Bb7 16. Bb2 Rc8 17. Ng3 Ne7 18. Qf2 fxe4 19. dxe4 e5 20. Qd2 exf4 21. Rxf4 Rxf4
22. Qxf4 Bb8 23. Qg4 Nc6 24. Rf1 Ne5 25. Qf5 Nc6 26. Ne2 Be5 27. Qh5 Bf6 28. Nf4
Ne5 29. Bxd4 Qe8 30. Qh3 Bxe4 31. c3 Nc4 32. Bxf6 gxf6 33. Qh4 Qe5 34. Re1 Rg8
35. Bxc4 1/2-1/2

[Event "Northumbria Masters 2018"]
[Site "Newcastle ENG"]
[Date "2018.02.15"]
[Round "2.19"]
[White "Turner, Max N"]
[Black "Asenov, Pavel"]
[Result "0-1"]
[WhiteElo "1933"]
[BlackElo "2187"]
[WhiteFideId "447722"]
[BlackFideId "433705"]
[EventDate "2018.02.14"]

1. d4 Nf6 2. c4 e6 3. Nc3 Bb4 4. e3 O-O 5. Ne2 c6 6. a3 Ba5 7. Ng3 d5 8. Be2
Nbd7 9. O-O Bc7 10. b3 e5 11. cxd5 exd4 12. exd4 Nxd5 13. Nxd5 cxd5 14. Bd2 Qh4
15. Bb4 Re8 16. Bf3 Nf6 17. Qd3 Bg4 18. Rfe1 Bxf3 19. Qxf3 Ne4 20. Nf1 Re6 21.
g3 Qh6 22. Qd3 Rae8 23. Qb5 Qf6 24. Re2 Qxd4 25. Rc1 Bb6 26. Be1 h5 27. Ne3 Nd6
28. Qb4 Qxb4 29. Bxb4 d4 30. Bxd6 Rxd6 31. Nc4 Rxe2 32. Nxd6 d3 33. Kg2 Bxf2 34.
Kf3 Bd4 35. Rd1 Re3+ 36. Kf4 Re6 37. Ne4 Be5+ 38. Kf3 f5 39. Nf2 g5 40. Rxd3 g4+
41. Kg2 Kf7 42. Rd5 Kf6 43. Rd7 Rb6 44. Rd3 Rd6 45. Re3 Rd2 46. Kf1 Bd6 47. Re2
Rxe2 48. Kxe2 Ke5 49. Nd3+ Ke4 50. Nf4 h4 51. Ne6 hxg3 52. hxg3 Be5 53. Kf2 Bd6
54. a4 Kd3 55. Ng7 f4 56. gxf4 Bxf4 57. Ne6 Bd6 58. Nd8 b6 59. a5 b5 60. a6 Kc3
61. Nb7 Bc7 0-1

[Event "Northumbria Masters 2018"]
[Site "Newcastle ENG"]
[Date "2018.02.15"]
[Round "2.20"]
[White "Spanton, Tim R"]
[Black "Kalaiyalahan, Akshaya"]
[Result "0-1"]
[BlackTitle "FM"]
[WhiteElo "1901"]
[BlackElo "2136"]
[WhiteFideId "404802"]
[BlackFideId "422894"]
[EventDate "2018.02.14"]

1. d4 Nf6 2. c4 g6 3. Nc3 Bg7 4. g3 O-O 5. Bg2 d6 6. Nf3 Nc6 7. e4 e5 8. d5 Ne7
9. O-O Nd7 10. Be3 h6 11. Ne1 f5 12. f3 f4 13. Bf2 h5 14. Nd3 b6 15. b4 Nf6 16.
c5 g5 17. Rc1 Bd7 18. a4 Bh6 19. cxd6 cxd6 20. b5 Ng6 21. Nb4 g4 22. Nc6 Qe8 23.
Rc2 gxf3 24. Bxf3 Ng4 25. Nb1 fxg3 26. hxg3 Nxf2 27. Kxf2 Bh3 28. Rh1 Qd7 29.
Kg1 Rf6 30. Rxh3 Qxh3 31. Rh2 Qxg3+ 32. Rg2 Be3+ 0-1

[Event "Northumbria Masters 2018"]
[Site "Newcastle ENG"]
[Date "2018.02.15"]
[Round "2.21"]
[White "Nandi, Robin J"]
[Black "Bukojemski, Adam"]
[Result "1/2-1/2"]
[WhiteElo "1815"]
[BlackElo "2222"]
[WhiteFideId "434604"]
[BlackFideId "1114620"]
[EventDate "2018.02.14"]

1. e4 c5 2. Nf3 Nc6 3. d4 cxd4 4. Nxd4 Qb6 5. Nb3 Nf6 6. Nc3 e6 7. Be3 Qc7 8.
Qd2 a6 9. Bd3 b5 10. f4 d6 11. O-O-O Bb7 12. h3 Na5 13. e5 Nxb3+ 14. axb3 Nd5
15. Nxd5 Bxd5 16. Kb1 dxe5 17. fxe5 Be7 18. Bd4 O-O 19. Qe2 Rfd8 20. Rhf1 Bf8
21. Bb6 Qxb6 22. Bxh7+ Kxh7 23. Qh5+ Kg8 24. Qxf7+ Kh8 25. Qh5+ Kg8 26. Qf7+ Kh8
27. Rf4 Qe3 28. Rh4+ Qh6 29. Rdd4 Bc5 30. Rxh6+ gxh6 31. Qf6+ Kh7 32. Qf7+ Kh8
33. Rg4 Rg8 34. Qf6+ Kh7 1/2-1/2

[Event "Northumbria Masters 2018"]
[Site "Newcastle ENG"]
[Date "2018.02.15"]
[Round "2.22"]
[White "Garrett, Peter A"]
[Black "Tavoularis, Nicholas"]
[Result "0-1"]
[WhiteElo "1685"]
[BlackElo "2168"]
[WhiteFideId "420611"]
[BlackFideId "4205596"]
[EventDate "2018.02.14"]

1. e4 c5 2. d4 cxd4 3. c3 dxc3 4. Nxc3 Nc6 5. Nf3 d6 6. Bc4 a6 7. O-O Nf6 8. h3
e6 9. Qe2 Be7 10. Rd1 Bd7 11. Bf4 Qb8 12. e5 dxe5 13. Nxe5 Nxe5 14. Bxe5 Qc8 15.
Bxf6 Bxf6 16. Ne4 Be7 17. Rac1 Bc6 18. Bd3 O-O 19. Qh5 g6 20. Qh6 Qc7 21. Rc5 f5
22. Rxc6 Qxc6 23. Ng3 Bf6 24. b3 b5 25. h4 Rad8 26. Rc1 Qd6 27. h5 Bg7 28. Qg5
Qxd3 29. hxg6 Qd2 30. gxh7+ Kh8 0-1

[Event "Northumbria Masters 2018"]
[Site "Newcastle ENG"]
[Date "2018.02.15"]
[Round "2.23"]
[White "Gayson, Peter M"]
[Black "Kane, Robert"]
[Result "1-0"]
[WhiteElo "2151"]
[BlackElo "1900"]
[WhiteFideId "401838"]
[BlackFideId "420468"]
[EventDate "2018.02.14"]

1. e4 c5 2. Nf3 Nc6 3. d4 cxd4 4. Nxd4 Qb6 5. Nb3 Nf6 6. Nc3 e6 7. Be3 Qc7 8.
Bd3 a6 9. f4 d6 10. O-O Be7 11. Kh1 b5 12. Qf3 Bb7 13. Rae1 Nb4 14. Qg3 h5 15.
h3 h4 16. Qf2 Nd7 17. a3 Nxd3 18. cxd3 Nc5 19. Nxc5 dxc5 20. d4 Rc8 21. d5 exd5
22. Nxd5 Bxd5 23. exd5 O-O 24. Rc1 f5 25. Rfd1 Qd6 26. Qf3 a5 27. b3 c4 28. bxc4
Rxc4 29. Rxc4 bxc4 30. Bd4 Qxa3 31. Qe2 c3 32. Bxc3 Qxc3 33. Qxe7 Qc2 34. Re1
Rb8 35. d6 Rb1 36. Qe8+ Kh7 37. d7 1-0

[Event "Northumbria Masters 2018"]
[Site "Newcastle ENG"]
[Date "2018.02.15"]
[Round "2.24"]
[White "Dunn, Alan"]
[Black "Younger, Mark"]
[Result "1-0"]
[WhiteElo "2046"]
[BlackElo "1720"]
[WhiteFideId "4300858"]
[BlackFideId "454354"]
[EventDate "2018.02.14"]

1. d4 d5 2. Bf4 Nf6 3. e3 c5 4. Nc3 cxd4 5. exd4 a6 6. h3 Bf5 7. Nf3 Nc6 8. Be2
e6 9. Nh4 Bg6 10. Nxg6 hxg6 11. Rb1 Rc8 12. O-O Bd6 13. Qd2 Qc7 14. Bxd6 Qxd6
15. a3 b5 16. b4 Nh5 17. Rfe1 Nf4 18. Bf1 Ne7 19. a4 Qc7 20. axb5 Nxh3+ 21. gxh3
Qxc3 22. Qxc3 Rxc3 23. bxa6 Kd7 24. b5 Kc7 25. b6+ Kb8 26. Ra1 Nc6 27. Reb1 Nxd4
28. a7+ Kb7 29. Ba6+ Kc6 30. Bc8 Rxc8 31. b7 Nf3+ 32. Kg2 Ne1+ 33. Kf1 1-0

[Event "Northumbria Masters 2018"]
[Site "Newcastle ENG"]
[Date "2018.02.15"]
[Round "3.2"]
[White "Welling, Gerard"]
[Black "Plat, Vojtech"]
[Result "1/2-1/2"]
[WhiteTitle "IM"]
[BlackTitle "GM"]
[WhiteElo "2320"]
[BlackElo "2560"]
[WhiteFideId "1000446"]
[BlackFideId "325740"]
[EventDate "2018.02.14"]

1. e4 d6 2. Nc3 Nf6 3. g3 e5 4. Bg2 c6 5. d3 Be7 6. Nh3 d5 7. f3 dxe4 8. dxe4
Qxd1+ 9. Nxd1 Na6 10. Nhf2 Be6 11. Ne3 O-O-O 12. Bd2 Bc5 13. Ke2 Nd7 14. Bh3
Bxe3 15. Kxe3 Bxh3 16. Nxh3 Ndc5 17. Rhd1 f6 18. Nf2 h5 19. Ke2 b6 20. Be1 Nc7
21. Rxd8+ Rxd8 22. Rd1 Rh8 23. Kf1 Nb5 24. c3 Kc7 25. b3 a5 26. Ke2 a4 27. Nd3
Nxd3 28. Kxd3 axb3 29. axb3 Ra8 30. Bd2 Ra2 31. Rg1 Rb2 32. g4 hxg4 33. Rxg4 g5
34. h4 gxh4 35. Rxh4 Nd6 36. Rh6 Rxb3 37. Rxf6 Rb2 38. c4 b5 39. cxb5 Nxb5 40.
f4 exf4 1/2-1/2

[Event "Northumbria Masters 2018"]
[Site "Newcastle ENG"]
[Date "2018.02.15"]
[Round "3.4"]
[White "Hebden, Mark L"]
[Black "Gormally, Daniel W"]
[Result "1/2-1/2"]
[WhiteTitle "GM"]
[BlackTitle "GM"]
[WhiteElo "2454"]
[BlackElo "2483"]
[WhiteFideId "400084"]
[BlackFideId "406465"]
[EventDate "2018.02.14"]

1. d4 Nf6 2. Nf3 g6 3. Nc3 d6 4. e4 Bg7 5. Be2 O-O 6. O-O Bg4 7. Be3 Nc6 8. d5
Bxf3 9. Bxf3 Ne5 10. Be2 c6 11. f4 Ned7 12. dxc6 bxc6 1/2-1/2

[Event "Northumbria Masters 2018"]
[Site "Newcastle ENG"]
[Date "2018.02.15"]
[Round "3.6"]
[White "Lalic, Bogdan"]
[Black "Hunt, Adam C"]
[Result "1/2-1/2"]
[WhiteTitle "GM"]
[BlackTitle "IM"]
[WhiteElo "2401"]
[BlackElo "2416"]
[WhiteFideId "409081"]
[BlackFideId "403970"]
[EventDate "2018.02.14"]

1. d4 Nf6 2. c4 g6 3. Nc3 d5 4. Nf3 Bg7 5. Qb3 dxc4 6. Qxc4 O-O 7. e4 Nc6 8. Bf4
Nh5 9. Be3 Bg4 10. e5 Bxf3 11. gxf3 1/2-1/2

[Event "Northumbria Masters 2018"]
[Site "Newcastle ENG"]
[Date "2018.02.15"]
[Round "3.7"]
[White "Percivaldi, Martin"]
[Black "Macklin, Paul"]
[Result "1/2-1/2"]
[WhiteTitle "IM"]
[WhiteElo "2395"]
[BlackElo "2307"]
[WhiteFideId "1508148"]
[BlackFideId "455865"]
[EventDate "2018.02.14"]

1. d4 Nf6 2. c4 g6 3. Nc3 Bg7 4. e4 d6 5. Bd3 O-O 6. Nge2 Nc6 7. O-O Nh5 8. Be3
e5 9. d5 Nd4 10. Bc2 Nxc2 11. Qxc2 f5 12. exf5 gxf5 13. f4 Qe7 14. Qd2 Bd7 15.
Rae1 Rae8 16. Nc1 Qh4 17. Nd3 e4 18. Nb4 Nf6 19. h3 Rf7 20. Nc2 Bh6 21. Qf2 Qh5
22. Bd4 Ref8 23. Re3 Rg7 24. Rg3 Rxg3 25. Qxg3+ Kf7 26. Qe3 Rg8 27. Ne2 Qg6 28.
Rf2 a5 29. Bc3 b6 30. b3 Nh5 31. Ncd4 Nf6 32. Kf1 Qh5 33. Ke1 Qh4 34. Kd1 Qh5
35. Kc1 Qg6 36. Kb2 Bg7 37. Nc2 h5 38. a3 h4 39. Bd4 a4 40. Nb4 axb3 41. Kxb3
Qh5 42. Kb2 Bh8 43. Ka2 1/2-1/2

[Event "Northumbria Masters 2018"]
[Site "Newcastle ENG"]
[Date "2018.02.15"]
[Round "3.11"]
[White "Longson, Alexander"]
[Black "White, Stuart A"]
[Result "1-0"]
[WhiteTitle "FM"]
[WhiteElo "2307"]
[BlackElo "2107"]
[WhiteFideId "408093"]
[BlackFideId "407747"]
[EventDate "2018.02.14"]

1. e4 e6 2. d4 d5 3. Nd2 c5 4. c3 cxd4 5. cxd4 dxe4 6. Nxe4 Nf6 7. Nc3 Nc6 8.
Nf3 Be7 9. Bd3 O-O 10. O-O b6 11. Re1 Bb7 12. a3 a6 13. Bb1 Qd6 14. Qd3 g6 15.
Ba2 Rfd8 16. Be3 Bf8 17. Bg5 Bg7 18. Rad1 Ne7 19. Ne5 h6 20. Bc1 Ned5 21. Qh3 h5
22. Bg5 Rdc8 23. Nxg6 Rxc3 24. bxc3 fxg6 25. Rxe6 Qf8 26. Bxf6 Bxf6 27. Rxb6 Qf7
28. Rxb7 1-0

[Event "Northumbria Masters 2018"]
[Site "Newcastle ENG"]
[Date "2018.02.15"]
[Round "3.13"]
[White "Gourlay, Iain"]
[Black "Asenov, Pavel"]
[Result "1-0"]
[WhiteTitle "FM"]
[WhiteElo "2371"]
[BlackElo "2187"]
[WhiteFideId "2401533"]
[BlackFideId "433705"]
[EventDate "2018.02.14"]

1. c4 e5 2. g3 Nf6 3. Bg2 Nc6 4. Nf3 g6 5. Nc3 Bg7 6. O-O O-O 7. Rb1 Re8 8. e4
Nd4 9. d3 Nxf3+ 10. Bxf3 d6 11. Bg2 c6 12. b4 Be6 13. b5 Qd7 14. bxc6 bxc6 15.
Qa4 Bh3 16. Ba3 h5 17. Qb4 Bxg2 18. Kxg2 d5 19. Qd6 Rad8 20. Qxd7 Rxd7 21. exd5
cxd5 22. c5 Rc8 23. Rfc1 Bf8 24. Nb5 Rc6 25. d4 Ne4 26. dxe5 Nd2 27. Nd4 Nxb1
28. Rxb1 Bxc5 29. Rb8+ Kg7 30. Nxc6 Bxa3 31. Rb3 Bc5 32. Rb5 Bb6 33. Nb4 d4 34.
Nd3 Rc7 35. Kf3 Rc3 36. Rb3 Rc4 37. Ke4 Ra4 38. a3 Rc4 39. f4 Rc2 40. Rb2 Rc3
41. Ra2 Rb3 42. a4 a6 43. Rb2 Rxb2 44. Nxb2 Kf8 45. Nc4 Bc5 46. Nd2 Ke7 47. Nf3
Kd7 48. Kd5 Ba7 49. Nxd4 Bb6 50. h3 Ba5 51. g4 hxg4 52. hxg4 Kc7 53. e6 fxe6+
54. Nxe6+ Kb6 55. Nf8 Bb4 56. Nxg6 Ka5 57. Ne5 Kxa4 58. g5 Kb5 59. f5 a5 60. g6 1-0

[Event "Northumbria Masters 2018"]
[Site "Newcastle ENG"]
[Date "2018.02.15"]
[Round "3.14"]
[White "Abdulla, Murad"]
[Black "Zhang, Zheming"]
[Result "1-0"]
[WhiteTitle "FM"]
[WhiteElo "2260"]
[BlackElo "1900"]
[WhiteFideId "2403757"]
[BlackFideId "430757"]
[EventDate "2018.02.14"]

1. e4 e6 2. d3 d5 3. Qe2 Nf6 4. Nf3 b6 5. e5 Nfd7 6. g3 c5 7. Bg2 Nc6 8. O-O Qc7
9. Re1 Bb7 10. c3 Be7 11. Bf4 b5 12. Nbd2 Qb6 13. b3 h6 14. h4 a5 15. c4 bxc4
16. bxc4 d4 17. Rab1 Qc7 18. h5 O-O 19. Ne4 Rfb8 20. Nd6 Bxd6 1-0

[Event "Northumbria Masters 2018"]
[Site "Newcastle ENG"]
[Date "2018.02.15"]
[Round "3.15"]
[White "Kalaiyalahan, Akshaya"]
[Black "Britton, Richard L"]
[Result "0-1"]
[WhiteTitle "FM"]
[BlackTitle "FM"]
[WhiteElo "2136"]
[BlackElo "2255"]
[WhiteFideId "422894"]
[BlackFideId "401692"]
[EventDate "2018.02.14"]

1. d4 Nf6 2. c4 g6 3. Nf3 Bg7 4. g3 O-O 5. Bg2 d6 6. Nc3 Nc6 7. O-O e5 8. dxe5
dxe5 9. Bg5 Be6 10. Qa4 Qb8 11. Nd2 Nd7 12. Qa3 Re8 13. b3 Nd4 14. Rac1 h6 15.
Be3 Nf5 16. Nd1 Nxe3 17. Nxe3 f5 18. Nd5 c6 19. Ne3 Bf8 20. Qb2 Bc5 21. Nc2 e4
22. b4 Bf8 23. f3 Bg7 24. Qa3 e3 25. Qxe3 Bxc4 26. Qa3 Bxe2 27. Qb3+ Kh7 28.
Rfe1 Nb6 29. Kf2 Bb5 30. Qf7 Rf8 31. Qe6 Qd8 32. Nb3 Bc4 33. Qe7 Bxb3 34. axb3
Re8 35. Qxe8 Qxe8 36. Rxe8 Rxe8 37. Rd1 a6 38. f4 Bf8 39. Bf3 Kg7 40. h3 Kf7 41.
g4 Kf6 42. Kg3 Be7 43. Kf2 Rd8 44. Rxd8 Bxd8 45. Ne1 Ke6 46. Nd3 Nd7 47. gxf5+
gxf5 48. Nc5+ Nxc5 49. bxc5 Be7 50. b4 Bf6 51. b5 axb5 52. Ke3 Bc3 53. Kd3 Bb4
54. Kd4 Bd2 55. Bg2 Bxf4 56. Bf3 Bh2 57. Kc3 Bg1 58. Kb4 Bf2 59. h4 Be1+ 60. Kb3
Ke5 0-1

[Event "Northumbria Masters 2018"]
[Site "Newcastle ENG"]
[Date "2018.02.15"]
[Round "3.16"]
[White "Izod, Chris"]
[Black "Berry, Neil"]
[Result "0-1"]
[BlackTitle "FM"]
[WhiteElo "1882"]
[BlackElo "2267"]
[WhiteFideId "429716"]
[BlackFideId "2400650"]
[EventDate "2018.02.14"]

1. d4 d5 2. Nf3 Nf6 3. c4 e6 4. cxd5 exd5 5. Qc2 Nbd7 6. Bg5 h6 7. Bh4 Bb4+ 8.
Nc3 c5 9. dxc5 Qa5 10. Bxf6 Nxf6 11. e3 Ne4 12. Nd2 Nxc3 13. bxc3 Bxc3 14. Rc1
Bb4 15. Bd3 O-O 16. Ke2 Bg4+ 17. f3 Bd7 18. Nb3 Qd8 19. Bh7+ Kh8 20. Bf5 Re8 21.
Bxd7 Qxd7 22. Qd3 Re6 23. Nd4 Rg6 24. Kf2 Rc8 25. Rhd1 Rxc5 26. Rxc5 Bxc5 27.
Nf5 Rf6 28. g4 Ra6 29. Qb3 Ra3 30. Qb2 f6 31. Kg2 b6 0-1

[Event "Northumbria Masters 2018"]
[Site "Newcastle ENG"]
[Date "2018.02.15"]
[Round "3.17"]
[White "House, Glenn L"]
[Black "Longson, Sarah N"]
[Result "0-1"]
[WhiteTitle "FM"]
[BlackTitle "WFM"]
[WhiteElo "2214"]
[BlackElo "2124"]
[WhiteFideId "406228"]
[BlackFideId "2501465"]
[EventDate "2018.02.14"]

1. Nf3 d5 2. g3 Bg4 3. Bg2 c6 4. d3 e6 5. Nbd2 Bd6 6. O-O Nd7 7. h3 Bh5 8. e4
Ne7 9. Qe1 O-O 10. Nh4 Ng6 11. Nxg6 Bxg6 12. f4 Re8 13. Nf3 dxe4 14. dxe4 Qb6+
15. Kh2 h6 16. Qe2 Rad8 17. Rd1 Bc5 18. Re1 Bf2 19. Rf1 Bc5 20. Ne1 Nf6 21. Nd3
Qb5 22. Re1 Bb6 23. a4 Qc4 24. b3 Qa6 25. a5 Bd4 26. Ra4 Bc3 27. Bd2 Bxd2 28.
Qxd2 b5 29. axb6 Qxb6 30. Qe3 Qxe3 31. Rxe3 Re7 32. g4 Rc7 33. Re2 Nd7 34. f5
Bh7 35. Re1 Nb6 36. Ra6 exf5 37. exf5 f6 38. Rea1 Rdd7 39. Nc5 Re7 40. Ne6 Red7
41. Bxc6 Rd2+ 42. Bg2 g6 43. Rxa7 Rxa7 44. Rxa7 gxf5 45. Rg7+ Kh8 46. Rb7 Nd7
47. Kg3 fxg4 48. hxg4 Rxg2+ 49. Kf4 Ne5 50. Rb8+ Bg8 51. c4 Rxg4+ 52. Kf5 Rg3
53. Nd4 Rg5+ 54. Kf4 Rg4+ 55. Ke3 Rxd4 0-1

[Event "Northumbria Masters 2018"]
[Site "Newcastle ENG"]
[Date "2018.02.15"]
[Round "3.18"]
[White "Townsend, M Paul"]
[Black "Dunn, Alan"]
[Result "1-0"]
[WhiteElo "2214"]
[BlackElo "2046"]
[WhiteFideId "402320"]
[BlackFideId "4300858"]
[EventDate "2018.02.14"]

1. d4 Nf6 2. c4 g6 3. Nc3 Bg7 4. e4 d6 5. f3 O-O 6. Nge2 Nbd7 7. Be3 e5 8. d5 a5
9. g4 Nc5 10. Ng3 c6 11. Qd2 cxd5 12. cxd5 Ne8 13. Rg1 Kh8 14. O-O-O Bd7 15. h4
a4 16. h5 Qa5 17. Kb1 a3 18. b3 Kg8 19. Rc1 Rc8 20. Bc4 f6 21. hxg6 hxg6 22. Rh1
Kf7 23. Rh7 Rh8 24. Rxh8 Bxh8 25. Qh2 Bg7 26. Bd2 Nc7 27. Nb5 Qb6 28. Nxa3 Ra8
29. Nc2 Qa7 30. Nb4 b5 31. Bf1 N7a6 32. Nxa6 Qxa6 33. Bb4 Nxb3 34. Rc7 Ke8 35.
g5 Nd4 36. Bh3 f5 37. exf5 gxf5 38. Nh5 Rd8 39. Rxd7 Kxd7 40. Nxg7 Qa4 41. Qd2
Rh8 42. Bxf5+ Nxf5 43. Nxf5 Rh1+ 44. Kb2 Rd1 45. Qc3 Rxd5 46. Nxd6 Rxd6 47. Bxd6
Kxd6 48. g6 b4 49. Qd3+ Ke7 50. g7 Qa8 51. Qb3 Qxf3 52. Qxf3 1-0

[Event "Northumbria Masters 2018"]
[Site "Newcastle ENG"]
[Date "2018.02.15"]
[Round "3.19"]
[White "Player, Edmund C"]
[Black "Han, Yichen"]
[Result "1-0"]
[WhiteElo "2172"]
[BlackElo "1998"]
[WhiteFideId "406520"]
[BlackFideId "1054430"]
[EventDate "2018.02.14"]

1. e4 e5 2. Nf3 Nc6 3. Bc4 Nf6 4. d3 Be7 5. O-O O-O 6. Re1 d6 7. a4 Na5 8. Ba2
c5 9. Nbd2 Nc6 10. c3 a6 11. Nf1 Bd7 12. d4 Bg4 13. d5 Na7 14. Bb1 Re8 15. Ng3
g6 16. h3 Bd7 17. Be3 b5 18. a5 Qc7 19. Qd2 Reb8 20. b4 c4 21. Ng5 h6 22. Nf3 h5
23. Nh2 Nh7 24. f4 Bf6 25. f5 Bh4 26. Bf2 Qd8 27. Nf3 Bf6 28. fxg6 fxg6 29. Be3
Qe7 30. Rf1 Rf8 31. Bc2 Rf7 32. Rf2 Nc8 33. Raf1 Qd8 34. Qe2 Ne7 35. Ng5 Nxg5
36. Bxg5 Bxg5 37. Rxf7 Bf4 38. R7xf4 exf4 39. Rxf4 g5 40. Rf6 Be8 41. Qe3 Kh8
42. Qd4 Kg8 43. Qe3 Kh8 44. Rh6+ Kg8 45. Qxg5+ Ng6 46. Rxg6+ Bxg6 47. Qxg6+ Kf8
48. Nxh5 Qc7 49. Qh6+ 1-0

[Event "Northumbria Masters 2018"]
[Site "Newcastle ENG"]
[Date "2018.02.15"]
[Round "3.20"]
[White "Tavoularis, Nicholas"]
[Black "Nandi, Robin J"]
[Result "1-0"]
[WhiteElo "2168"]
[BlackElo "1815"]
[WhiteFideId "4205596"]
[BlackFideId "434604"]
[EventDate "2018.02.14"]

1. c4 e5 2. g3 Nf6 3. Nc3 Nc6 4. Bg2 Bb4 5. d3 O-O 6. Bd2 Re8 7. e3 d6 8. Nge2
Bf5 9. Qc2 Qd7 10. O-O Bh3 11. Nd5 Nxd5 12. cxd5 Bxg2 13. Kxg2 Bxd2 14. Qxd2 Ne7
15. e4 c5 16. dxc6 Nxc6 17. Rac1 Rac8 18. b4 d5 19. b5 Nd4 20. Rxc8 Rxc8 21.
Nxd4 exd4 22. Rb1 dxe4 23. dxe4 Rc4 24. Rb3 Qc7 25. Qd3 Qc5 26. b6 a6 27. Qf3
Rc3 28. Qf4 h6 29. Qb8+ Qc8 30. Qxc8+ Rxc8 31. Kf3 Rc2 32. a4 Kf8 33. Rb4 d3 34.
Ke3 Re2+ 35. Kxd3 Rxf2 36. Rc4 Rxh2 37. Rc7 Ra2 38. Rxb7 Rxa4 39. Ra7 Rb4 40. b7
g5 41. Ra8+ Kg7 42. b8=Q Rxb8 43. Rxb8 1-0